Land, the central human settlement issue (Record no. 242307)
[ view plain ]
| 000 -LEADER | |
|---|---|
| fixed length control field | 01433nam a2200349Ia 4500 |
| 100 1# - MAIN ENTRY--AUTHOR NAME | |
| Personal name | Oberlander, H. Peter, |
| 245 10 - TITLE STATEMENT | |
| Title | Land, the central human settlement issue |
| 260 ## - PUBLICATION, DISTRIBUTION, ETC. (IMPRINT) | |
| Place of publication | Vancouver : |
| Name of publisher | University of British Columbia Press, |
| Year of publication | 1985. |
| 300 ## - PHYSICAL DESCRIPTION | |
| Number of Pages | x, 103 p., [4] p. of plates : |
| Other physical details | ill. |
| 490 1# - SERIES STATEMENT | |
| Series statement | Human settlement issues ; |
| 650 #0 - SUBJECT ADDED ENTRY--TOPICAL TERM | |
| Topical Term | Urban poor |
| Topical Term | Squatter settlements |
| Topical Term | Human settlements |
| Topical Term | Land use, Urban |
| 856 40 - ELECTRONIC LOCATION AND ACCESS | |
| Uniform Resource Identifier | http://site.ebrary.com/lib/rucke/Doc?id=10221829 |
No items available.
